Normal view
MARC view
- Er. Manoj Mathew (Gudie)
Entry Personal Name
001 - CONTROL NUMBER
- control field: 2461
003 - CONTROL NUMBER IDENTIFIER
- control field: OSt
005 - DATE AND TIME OF LATEST TRANSACTION
- control field: 20180105114353.0
008 - FIXED-LENGTH DATA ELEMENTS
- fixed length control field: 180105|| aca||aabn | a|a d
040 ## - CATALOGING SOURCE
- Original cataloging agency: OSt
- Transcribing agency: OSt
100 ## - HEADING--PERSONAL NAME
- Personal name: Er. Manoj Mathew (Gudie)
670 ## - SOURCE DATA FOUND
- Source citation: Work cat.: (OSt): JAYAPRAKASH BABU K 2460, Development of a self propelled pre- germinated direct paddy seeder
